[Event "IECG CP.1999.P.00038"]
[Site "IECG email"]
[Date "1999.10.01"]
[Round "?"]
[White "Marziani, Corrado"]
[Black "Wood, Brian B"]
[Result "1-0"]
[WhiteElo "800"]
[BlackElo "992"]
[PlyCount "75"]
[EventDate "1999.10.01"]
[EventType "tourn (corr)"]
[EventRounds "6"]
[EventCountry "USA"]
[SourceTitle "Corr 2008"]
[Source "ChessBase"]
[SourceDate "2008.06.24"]
[SourceVersion "1"]
[SourceVersionDate "2008.06.24"]
[SourceQuality "1"]

1. d4 d5 2. c4 e6 3. Nc3 Nf6 4. Bg5 Be7 5. e3 0-0 6. h3 Ne4 7. Bf4 Nxc3 8. bxc3 dxc4 9. Bxc4 c6 10. Nf3 Nd7 11. 0-0 Nf6 12. Qc2 b5 13. Be2 a5 14. Ne5 Nd5 15. Nxc6 Qb6 16. Nxe7+ Nxe7 17. e4 Ng6 18. Bg3 Bb7 19. a3 Rac8 20. Rab1 Ba6 21. Rfc1 Qc6 22. f3 f5 23. exf5 exf5 24. Qb3+ Kh8 25. Bxb5 Qxb5 26. Qxb5 Bxb5 27. Rxb5 f4 28. Be1 a4 29. c4 Ne7 30. d5 Nf5 31. Bf2 Ne3 32. Bxe3 fxe3 33. d6 Rcd8 34. Rd5 Rf6 35. c5 Re6 36. c6 e2 37. Kf2 Rdxd6 38. c7 1-0